Evangelos Moutsopoulos, Essai sur l’Esthétique de l’Éthique (en grec), Athènes, Académie d’Athènes, 2009, 143 p. (notice n° 1657784)
[ vue normale ]
| 000 -LEADER | |
|---|---|
| fixed length control field | 01639cam a2200169 4500500 |
| 005 - DATE AND TIME OF LATEST TRANSACTION | |
| control field | 20260208010712.0 |
| 041 ## - LANGUAGE CODE | |
| Language code of text/sound track or separate title | fre |
| 042 ## - AUTHENTICATION CODE | |
| Authentication code | dc |
| 100 10 - MAIN ENTRY--PERSONAL NAME | |
| Personal name | Gabaude, Jean-Marc |
| Relator term | author |
| 245 00 - TITLE STATEMENT | |
| Title | Evangelos Moutsopoulos, Essai sur l’Esthétique de l’Éthique (en grec), Athènes, Académie d’Athènes, 2009, 143 p. |
| 260 ## - PUBLICATION, DISTRIBUTION, ETC. | |
| Date of publication, distribution, etc. | 2010.<br/> |
| 500 ## - GENERAL NOTE | |
| General note | 34 |
| 520 ## - SUMMARY, ETC. | |
| Summary, etc. | RésuméÀ partir du thème élaboré par Hobbes de la nécessité d’un passage de la multitude au peuple pour fonder l’État absolu, Giorgio Agamben se demande si l’on peut penser la puissance humaine à partir de la seule « gloire » de Dieu, c’est‑à‑dire de l’affirmation absolue de son impuissance. L’originalité d’Agamben est de faire de cette notion théologique un paradigme politique dérivé des notions juridiques d’ Homo sacer et de sacratio. |
| 520 ## - SUMMARY, ETC. | |
| Summary, etc. | Biopolitics, state of exception, and power in Giorgio AgambenStarting from the theme elaborated by Hobbes of the necessity of a passage from the multitudes to a people to permit the foundation of an Absolute state, Giorgio Agamben wonders whether one may establish human power from the starting point of God’s “glory“ alone, i.e. the absolute affirmation of His powerlessness. Agamben’s originality rests in turning such a theological notion into a political paradigm derived from the legal notions of both Homo sacer and sacratio. |
| 786 0# - DATA SOURCE ENTRY | |
| Note | Revue philosophique de la France et de l'étranger | 135 | 3 | 2010-09-06 | p. 395w-421w | 0035-3833 |
| 856 41 - ELECTRONIC LOCATION AND ACCESS | |
| Uniform Resource Identifier | <a href="https://shs.cairn.info/revue-philosophique-2010-3-page-395w?lang=fr&redirect-ssocas=7080">https://shs.cairn.info/revue-philosophique-2010-3-page-395w?lang=fr&redirect-ssocas=7080</a> |
Pas d'exemplaire disponible.




Réseaux sociaux